Olšany, nekropole ruské emigrace : [průvodce /

Další autoři: Dobuševa, Marina, Krymova, Viktorija
Jazyk: Čeština
Vydáno: Praha : Ruská tradice, 2013
Vydání: Vyd. 1.
Témata:
Fyzický popis: 276 s. : il., portréty ; 20 cm
Knihy
Uloženo v:
LEADER 02537nam a2200697 a 4500
001 nkc20132474843
003 CZ PrNK
005 20150528085104.0
007 ta
008 130801s2013 xr ac e f 000 0ccze
015 |a cnb002474843 
020 |a 978-80-905145-3-9  |q (váz.) 
035 |a (OCoLC)857952736 
040 |a ABA001  |b cze 
041 1 |a cze  |h rus 
043 |a e-ur---  |a e-ru---  |a e-cs---  |a e-xr---  |b e-xr-pg  |2 czenas 
045 |a x-x- 
072 7 |a 325  |x Mezinárodní migrace, exil, kolonizace  |2 Konspekt  |9 15 
072 7 |a 929  |x Biografie  |2 Konspekt  |9 8 
080 |a 929  |2 MRF 
080 |a 314.15-026.49:32  |2 MRF 
080 |a (=161.1)  |2 MRF 
080 |a 718  |2 MRF 
080 |a 726.82  |2 MRF 
080 |a (470+571)  |2 MRF 
080 |a (47+57)  |2 MRF 
080 |a (437)  |2 MRF 
080 |a (437.311)  |2 MRF 
080 |a (036)  |2 MRF 
080 |a (0:82-94)  |2 MRF 
245 0 0 |a Olšany, nekropole ruské emigrace :  |b [průvodce /  |c editoři Marina Dobuševa, Viktorie Krymova ; z ruského originálu ... přeložila Taťjana Podhájecká] 
250 |a Vyd. 1. 
260 |a Praha :  |b Ruská tradice,  |c 2013 
300 |a 276 s. :  |b il., portréty ;  |c 20 cm 
504 |a Obsahuje bibliografické odkazy 
648 7 |a 20. století  |7 ch460558  |2 czenas 
650 0 7 |a osobnosti  |7 ph115615  |z Rusko  |y 20. století  |2 czenas 
650 0 7 |a politická emigrace  |7 ph124230  |z Sovětský svaz  |2 czenas 
650 0 7 |a Rusové  |7 ph118055  |z Československo  |2 czenas 
650 0 7 |a hřbitovy  |7 ph121017  |z Česko  |2 czenas 
650 0 7 |a náhrobky  |7 ph123402  |z Česko  |2 czenas 
650 0 9 |a celebrities  |z Russia  |y 20th century  |2 eczenas 
650 0 9 |a political emigration  |z Soviet Union  |2 eczenas 
650 0 9 |a Russians  |z Czechoslovakia  |2 eczenas 
650 0 9 |a cemeteries  |z Czechia  |2 eczenas 
650 0 9 |a tombstones  |z Czechia  |2 eczenas 
655 7 |a průvodce  |7 fd133154  |2 czenas 
655 7 |a medailony  |7 fd185951  |2 czenas 
655 9 |a guidebooks  |2 eczenas 
655 9 |a biographical portraits  |2 eczenas 
610 2 7 |a Olšanské hřbitovy (Praha, Česko)  |7 kn20020322402  |2 czenas 
651 7 |a Praha (Česko)  |7 ge118011  |2 czenas 
651 9 |a Prague (Czechia)  |2 eczenas 
700 1 |a Dobuševa, Marina  |7 pna2009482608  |4 edt 
700 1 |a Krymova, Viktorija  |7 pna2009482609  |4 edt 
765 0 |t Ol'šany - nekropol' russkoj emigracii  |9 Česky 
910 2 |a BOA001  |b 1-1307.499 
990 |a BK 
995 |a 01 
991 |b 201308  |c NOV  |e n 
996 6 |b 2610558757  |c 1-1307.499  |l MZK  |r Sklad / do 1 hodiny  |n 10  |p p.v.  |w 001350018  |u 000010  |a 1  |e BOA001  |j MZK50  |s P